Quy hoạch du lịch /

Dan luan qui hoach du lich-Nghien cuu tiem nang va cac dieu kien qui hoach du lich-Nghien cuu thuc trang du lich va co so khoa hoc cua viec xay dung ban do trong qui hoach du lich-Du thao nhu cau phat trien du lich va cac dinh huong chien luoc phat trien du lich-To chuc thuc hien va danh gia tac don...

תיאור מלא

שמור ב:
מידע ביבליוגרפי
מחברים אחרים: Do Huu Phu bien tap
פורמט: ספר
שפה:Vietnamese
יצא לאור: nxb Giao duc, 2006.
נושאים:
תגים: הוספת תג
אין תגיות, היה/י הראשונ/ה לתייג את הרשומה!
Thư viện lưu trữ: Mạng thư viện Đại học Đà Nẵng
LEADER 01493nam a22003371a 4500
001 000036065
003 12357
005 20230510102357.0
008 160323s2006 000 vie
040 |a LNN 
041 |a vie 
082 |a 332  |b BU-Y 
245 0 |a Quy hoạch du lịch /  |c Bùi Thị Hải Yến. 
260 |b nxb Giao duc,  |c 2006. 
300 |a 342tr . : mh ; 30cm. 
520 |a Dan luan qui hoach du lich-Nghien cuu tiem nang va cac dieu kien qui hoach du lich-Nghien cuu thuc trang du lich va co so khoa hoc cua viec xay dung ban do trong qui hoach du lich-Du thao nhu cau phat trien du lich va cac dinh huong chien luoc phat trien du lich-To chuc thuc hien va danh gia tac dong tu cac du an qui hoach phat trien du lich den tai nguyen moi truong- Qui hoach du lich o vung bien,mien nui,cac vung nong thon va ven do. 
650 |a Quy hoạch du lịch, du lịch 
653 |a Bùi Thị Hải Yến,Quy hoạch du lịch,2006 
700 |a Do Huu Phu  |b bien tap 
OWN |a LNN 
AVA |a UDN50  |b LNN  |d 332 BU-Y  |e available  |t Error 5001 Not defined in file expand_doc_bib_avail.  |f 1  |g 0  |h N  |i 0  |k 1 
999 |a From the UDN01 
AVA |a UDN50  |b LNN  |d 332 BU-Y  |e available  |t Error 5001 Not defined in file expand_doc_bib_avail.  |f 1  |g 0  |h N  |i 0  |k 1 
TYP |a Monograph 
TYP |a Printed language 
980 |a Mạng thư viện Đại học Đà Nẵng